A pulsed optical characterization of nonlinear lithium borate crystals; Journal of the Optical Society of America B; Vol. 29, iss. 3
| Parent link: | Journal of the Optical Society of America B.— .— Washington: Optical Society of America Vol. 29, iss. 3.— 2012.— P. 370-376 |
|---|---|
| Autor principal: | |
| Altres autors: | , |
| Sumari: | Title screen We report a study of the spectra and decay kinetics of transient optical absorption (TOA) in crystals of Li2B4O7Li2B4O7 and LiB3O5LiB3O5 under excitation with an electron-beam (200 keV, 10 ns). A mathematical model of electron tunneling between trapped electron and hole centers under conditions of their thermally stimulated mobility was developed. These centers are responsible for the unwanted TOA produced in lithium borates at room temperature by high-power pulsed ultraviolet lasers. The paper discusses the origin of short-living defects that determine the TOA, as well as the origin, of the TOA decay kinetics Текстовый файл AM_Agreement |
| Idioma: | anglès |
| Publicat: |
2012
|
| Matèries: | |
| Accés en línia: | https://doi.org/10.1364/JOSAB.29.000370 |
| Format: | MixedMaterials Electrònic Capítol de llibre |
| KOHA link: | https://koha.lib.tpu.ru/cgi-bin/koha/opac-detail.pl?biblionumber=652762 |
MARC
| LEADER | 00000naa0a2200000 4500 | ||
|---|---|---|---|
| 001 | 652762 | ||
| 005 | 20260311112837.0 | ||
| 035 | |a (RuTPU)RU\TPU\network\18100 | ||
| 090 | |a 652762 | ||
| 100 | |a 20170125d2012 k||y0rusy50 ba | ||
| 101 | 0 | |a eng | |
| 102 | |a US | ||
| 135 | |a drcn ---uucaa | ||
| 181 | 0 | |a i |b e | |
| 182 | 0 | |a b | |
| 183 | |a cr |2 RDAcarrier | ||
| 200 | 1 | |a A pulsed optical characterization of nonlinear lithium borate crystals |f I. N. Ogorodnikov, M. S. Kiseleva, V. Yu. Yakovlev | |
| 203 | |a Текст |c электронный |b визуальный | ||
| 283 | |a online_resource |2 RDAcarrier | ||
| 300 | |a Title screen | ||
| 320 | |a References: 34 tit | ||
| 330 | |a We report a study of the spectra and decay kinetics of transient optical absorption (TOA) in crystals of Li2B4O7Li2B4O7 and LiB3O5LiB3O5 under excitation with an electron-beam (200 keV, 10 ns). A mathematical model of electron tunneling between trapped electron and hole centers under conditions of their thermally stimulated mobility was developed. These centers are responsible for the unwanted TOA produced in lithium borates at room temperature by high-power pulsed ultraviolet lasers. The paper discusses the origin of short-living defects that determine the TOA, as well as the origin, of the TOA decay kinetics | ||
| 336 | |a Текстовый файл | ||
| 371 | 0 | |a AM_Agreement | |
| 461 | 1 | |t Journal of the Optical Society of America B |c Washington |n Optical Society of America | |
| 463 | 1 | |t Vol. 29, iss. 3 |v P. 370-376 |d 2012 | |
| 610 | 1 | |a электронный ресурс | |
| 610 | 1 | |a труды учёных ТПУ | |
| 700 | 1 | |a Ogorodnikov |b I. N. |g Igor Nikolaevich | |
| 701 | 1 | |a Kiseleva |b M. S. |g Mariya Sergeevna | |
| 701 | 1 | |a Yakovlev |b V. Yu. |c specialist in the field of lightning engineering |c Professor of Tomsk Polytechnic University, Doctor of physical and mathematical sciences |f 1949- |g Viktor Yurjevich |9 18886 | |
| 801 | 2 | |a RU |b 63413507 |c 20170125 |g RCR | |
| 856 | 4 | 0 | |u https://doi.org/10.1364/JOSAB.29.000370 |z https://doi.org/10.1364/JOSAB.29.000370 |
| 942 | |c CF | ||